Datos básicos sobre el movimiento cooperativo costarricense /

El documento consiste en un estudio acerca de los datos del movimiento cooperativo costarricense, así como de los movimientos campesinos en Costa Rica.

Sparad:
Bibliografiska uppgifter
Huvudupphovsman: Vega Carballo, José Luis
Övriga upphovsmän: Roldán González, Hugo
Materialtyp: Text
Språk:Spanish
Publicerad: San José : UCR. IIS, 1981
Ämnen:
Taggar: Lägg till en tagg
Inga taggar, Lägg till första taggen!

MARC

LEADER 00000 a a2200000 04500
001 15084
003 cru CIDCACS/IIS
005 20230613090339.0
008 230613e1981 cr ||||| |||| 00| 0 spa d
040 |c CRAI/IIS 
090 |a 03.03.04 V422d  
100 |a Vega Carballo, José Luis  
245 |a Datos básicos sobre el movimiento cooperativo costarricense /  |c José Luis Vega Carballo, Hugo Roldán González  
260 |a San José :   |b UCR. IIS,   |c 1981 
300 |a 8; 66 páginas 
520 |a El documento consiste en un estudio acerca de los datos del movimiento cooperativo costarricense, así como de los movimientos campesinos en Costa Rica. 
650 0 |9 193  |a COOPERATIVAS 
650 0 |9 396  |a MOVIMIENTOS CAMPESINOS 
650 0 |9 2923  |a RECOPILACIÓN DE DATOS 
651 0 |9 32  |a COSTA RICA 
700 |a Roldán González, Hugo  
942 |2 ddc  |c LI  |h 03.03.04 V422d   |i 12293  |6 030304_V422D_12293 
999 |c 11793  |d 11793